000 01028cam a2200181 4500
001 x109153
008 000000n2000 000 0 eng u
035 _a(Sirsi) u109153
245 _aMortgage Remedies
260 _c2000
490 _aEstates Gazette Case Summaries
_v[2000] EGCS 113 (28/10/00)
520 _a"Alliance & Leicester plc v Slayford and another", CA 12 October 2000. Mortgagor falling into arrears and the mortgagee commenced proceedings. Mortgagor's wife successfully defended possession proceedings on the ground of undue influence. The mortgagee successfully sought leave to amend its particulars of claim to seek a monetary judgment in respect of the arrears owed by the mortgagor, who then applied for the amendment to be struck out as an abuse of processs. The judge struck out the amendment and the mortgagee appealed. Appeal allowed.
650 _aALLIANCE AND LEICESTER PLC V SLAYFORD AND ANOTHER
650 _aMORTGAGE ARREARS
650 _aPOSSESSION PROCEEDINGS
690 _aLAW
942 _n0
999 _c65172
_d65172